01071nam0a22002531 4500001001100000005001700011021001900028035002600047100004100073101000800114102000700122105001800129200023300147210003500380215004000415320004200455606005400497606005400551606009100605700006200696801001800758801002200776852001900798rc\488234520250613025700.0 aRUb[66-58396] a(NLR Aleph) 008917070 a20130426d1966 |||y0rusy50 ca0 arus aRU aab z |||||1 aСельские поселения афригидского Хорезмаe(По материалам Беркут-калин. оазиса)fАН СССР. Ин-т этнографии им. Н.Н. Миклухо-Маклая aМоскваcНаукаd1966 a155 с., 2 л. карт.cил.d26 aБиблиогр. обзор: с. 3-7 aХорезмийская культура2psbo aЖилище среднеазиатское2psbo aАрхеологические памятникиyХорезм древний2psbo 1aНеразикbЕ.Е.gЕлена Евдокимовна 0aRUbNLRgpsbo 1aRUbELAR2rusmarc aNLRj66-7/1545